000 00647cab a2200229 4500
001 WB2533-19
008 090401t1989 xxu||||| |||| 00| 0 eng d
035 _a(Sirsi) u23910
041 _aeng
245 _aBillingsgate acquired by Midland
260 _c1989
350 _a0
490 _aFinancial Times
_v19/8/89 p8
490 _aDaily Telegraph
_v22/8/89 p23(2)
520 _aAssesses the demise of Billingsgate City Securities , the only UK-listed single asset property company .
650 _aINVESTMENT
650 _aSAPCOS
650 _aUNITISATION
690 _aPROPERTY LAW AND PRACTICE
942 _n0
948 _c04/03/1997
999 _c16007
_d16007